000 00689nam a2200289Ia 4500
005 20260324124013.0
008 008 260324s9999 xx 000 0 eng d
020 _a9781315594774
037 _aEBOOK
040 _aCRL
040 _beng
040 _cCRL
041 _2eng
041 _aeng
084 _qCRL
100 _aMarinos Pourgouris
_91172481
245 0 _aMediterranean Modernisms
245 4 _bThe Poetic Metaphysics of Odysseus Elytis
260 _bTaylor and Francis
260 _c2011
365 _a
365 _b150
856 _uhttp://www.taylorfrancis.com/books/9781315594774
942 _cEBOOK
999 _c1766490
_d1766490